书目信息 |
| 题名: |
奇幻梦境
|
|
| 作者: | 姚瑶 编绘 | |
| 分册: | ||
| 出版信息: | 北京 人民邮电出版社 2020.06 |
|
| 页数: | 176页 | |
| 开本: | 26cm | |
| 丛书名: | ||
| 单 册: | ||
| 中图分类: | J215 | |
| 科图分类: | ||
| 主题词: | 水彩画--shui cai hua--绘画技法--教材 | |
| 电子资源: | ||
| ISBN: | 978-7-115-52560-4 | |
| 000 | 01036nam0 2200265 450 | |
| 001 | 0100015532 | |
| 005 | 20200929160438.0 | |
| 010 | @a978-7-115-52560-4@dCNY79.80 | |
| 100 | @a20200612d2020 em y0chiy50 ea | |
| 101 | 0 | @achi |
| 102 | @aCN@b110000 | |
| 105 | @aa z 000yy | |
| 106 | @ar | |
| 200 | 1 | @a奇幻梦境@Aqi huan meng jing@e森系童话水彩插画教程@f姚瑶编绘 |
| 210 | @a北京@c人民邮电出版社@d2020.06 | |
| 215 | @a176页@c彩图@d26cm | |
| 300 | @a绘客 | |
| 314 | @a姚瑶, 现为自由水彩插画师。 | |
| 330 | @a本书共5个章节, 第1章从介绍各种水彩画材开始, 引领读者进入水彩的世界, 还提供了轻松安排业余或课余时间练习水彩画的方法。后面4章通过详细的案例, 配合浅显易懂的步骤讲解, 为读者呈现森林风景、具有生活气息的事物、不同风格的建筑以及带有幻想色彩的水彩插画的创作技法。 | |
| 517 | 1 | @a森系童话水彩插画教程@Asen xi tong hua shui cai cha hua jiao cheng |
| 606 | 0 | @a水彩画@Ashui cai hua@x绘画技法@j教材 |
| 690 | @aJ215@v5 | |
| 701 | 0 | @a姚瑶@Ayao yao@4编绘 |
| 801 | 0 | @aCN@c20200612 |
| 905 | @a河南城建学院图书馆@dJ215@f2@eY379 | |
| 奇幻梦境:森系童话水彩插画教程/姚瑶编绘.-北京:人民邮电出版社,2020.06 |
| 176页:彩图;26cm |
| 绘客 |
| ISBN 978-7-115-52560-4:CNY79.80 |
| 本书共5个章节, 第1章从介绍各种水彩画材开始, 引领读者进入水彩的世界, 还提供了轻松安排业余或课余时间练习水彩画的方法。后面4章通过详细的案例, 配合浅显易懂的步骤讲解, 为读者呈现森林风景、具有生活气息的事物、不同风格的建筑以及带有幻想色彩的水彩插画的创作技法。 |
| ● |
| 相关链接 |
|
|
|
正题名:奇幻梦境
索取号:J215/Y379
 
预约/预借
| 序号 | 登录号 | 条形码 | 馆藏地/架位号 | 状态 | 备注 |
| 1 | 1491895 | 214918954 | 社科库309/309社科库 72排2列3层/ [索取号:J215/Y379] | 在馆 | |
| 2 | 1491896 | 214918963 | 社科库309/309社科库 72排2列3层/ [索取号:J215/Y379] | 在馆 |